000 00691cam a2200253 a 4500
001 516080
005 20231130070704.0
008 860428s1986 enk b 001 0 eng
020 _a0043012736 (alk. paper)
020 _a0043012744 (pbk. : alk. paper)
040 _aDLC
_cDLC
_dDLC
082 0 0 _a305.4/2
_219
_bSUS.
100 1 _aBassnett, Susan.
245 1 0 _aFeminist experiences :
_bthe women's movement in four cultures /
_cSusan Bassnett.
260 _aLondon ;
_aBoston :
_bAllen & Unwin,
_c1986.
300 _a194 p. ;
500 _aIncludes index.
650 0 _aFeminism
650 0 _aFeminism
650 0 _aFeminism
650 0 _aFeminism
650 0 _aFeminism
942 _cL
999 _c109
_d109